00281nam a2200121Ia 4500008004100000082001600041100001800057245003200075250000800107260002800115300000800143650000800151191201s2006 xx 000 0 und d a658.87bGIR aGILBERT,David 0aRetail Marketing Management aIMP aN. DelhibPearsonc2006 a457 aBBA